000 00350nam a22001457a 4500
008 210301b ||||| |||| 00| 0 eng d
020 _a0398032793
041 _aeng
080 _a617
082 _a617
100 _a6
101 _aANE
245 _aFluids for Anesthesia and Surgery in the nrwborn and the infant
_cBennet, E.J
942 _2udc
_cBK
999 _c55364
_d55364